Совершенствование научно-исследовательской деятельности в техническом вузе; Уровневая подготовка специалистов: государственные и международные стандарты инженерного образования

Détails bibliographiques
Parent link:Уровневая подготовка специалистов: государственные и международные стандарты инженерного образования.— 2013.— [С. 172-174]
Auteur principal: Лощилова М. А. Марина Андреевна
Collectivités auteurs: Национальный исследовательский Томский политехнический университет (ТПУ) Институт природных ресурсов (ИПР) Кафедра бурения скважин (БС), Национальный исследовательский Томский политехнический университет (ТПУ) Юргинский технологический институт (филиал) (ЮТИ) Кафедра гуманитарного образования и иностранных языков (ГОИЯ)
Autres auteurs: Епихин А. В. Антон Владимирович
Résumé:Заглавие с экрана
Langue:russe
Publié: 2013
Collection:Современные формы и методы обучения в инженерном образовани
Sujets:
Accès en ligne:http://www.lib.tpu.ru/fulltext/c/2013/C09/097.pdf
Format: Électronique Chapitre de livre
KOHA link:https://koha.lib.tpu.ru/cgi-bin/koha/opac-detail.pl?biblionumber=242803

MARC

LEADER 00000naa2a2200000 4500
001 242803
005 20251215124655.0
035 |a (RuTPU)RU\TPU\book\264124 
035 |a RU\TPU\book\263881 
090 |a 242803 
100 |a 20130911d2013 k y0rusy50 ca 
101 0 |a rus 
102 |a RU 
135 |a arnn ---uucaa 
181 0 |a i  
182 0 |a b 
200 1 |a Совершенствование научно-исследовательской деятельности в техническом вузе  |f М. А. Лощилова, А. В. Епихин 
203 |a Текст  |c электронный 
225 1 |a Современные формы и методы обучения в инженерном образовани 
300 |a Заглавие с экрана 
320 |a [Библиогр.: с. 174 (7 назв.)] 
337 |a Adobe Reader 
463 1 |0 (RuTPU)RU\TPU\book\262130  |t Уровневая подготовка специалистов: государственные и международные стандарты инженерного образования  |o сборник трудов научно-методической конференции, 26-30 марта 2013 г., Томск  |f Национальный исследовательский Томский политехнический университет (ТПУ) ; ред. кол. А. И. Чучалин [и др.]  |v [С. 172-174]  |d 2013 
610 1 |a труды учёных ТПУ 
610 1 |a электронный ресурс 
610 1 |a научно-исследовательская деятельность 
610 1 |a технические вузы 
610 1 |a бакалавры 
610 1 |a научно-образовательные институты 
610 1 |a ТПУ 
700 1 |a Лощилова  |b М. А.  |c специалист в области права  |c старший преподаватель Юргинского технологического института Томского политехнического университета  |f 1983-  |g Марина Андреевна  |3 (RuTPU)RU\TPU\pers\30366  |9 14711 
701 1 |a Епихин  |b А. В.  |c специалист в области нефтегазового дела  |c старший преподаватель Томского политехнического университета  |f 1988-   |g Антон Владимирович  |3 (RuTPU)RU\TPU\pers\25759  |9 11655 
712 0 2 |a Национальный исследовательский Томский политехнический университет (ТПУ)  |b Институт природных ресурсов (ИПР)  |b Кафедра бурения скважин (БС)  |3 (RuTPU)RU\TPU\col\18666 
712 0 2 |a Национальный исследовательский Томский политехнический университет (ТПУ)  |b Юргинский технологический институт (филиал) (ЮТИ)  |b Кафедра гуманитарного образования и иностранных языков (ГОИЯ)  |3 (RuTPU)RU\TPU\col\18978 
801 2 |a RU  |b 63413507  |c 20161111  |g RCR 
856 4 |u http://www.lib.tpu.ru/fulltext/c/2013/C09/097.pdf 
942 |c CF